Born in the USA? Quiz Stats

 Plays Quiz Updated Jul 27, 2016

Challenge
Share
Tweet
Score 0/30 Timer 05:00
16 Plays Today
% Correct
Yes. Ellen Degeneres was born in Metairie, Louisiana.
90%
Yes. Bruce Springsteen was born in Long Branch, New Jersey.
87.2%
Yes. Al Pacino was born in New York, New York.
86.2%
No. Penélope Cruz was born in Alcobendas, Spain.
86%
No. Liam Neeson was born in Ballymena, Northern Ireland.
86%
No. Natalie Portman was born in Jerusalem, Israel.
85.6%
Yes. Danny DeVito was born in Neptune Township, New Jersey.
85.5%
Yes. Steve Buscemi was born in New York, New York.
84.8%
No. Michael Fassbender was born in Heidelberg, Germany.
82.8%
Yes. Muhammad Ali was born in Louisville, Kentucky.
82.2%
Yes. Walt Disney was born in Chicago, Illinois.
79%
No. Helena Bonham Carter was born in London, England.
75.6%
No. Rihanna was born in Saint Michael Parish, Barbados.
75.3%
No. Mila Kunis was born in Chernivtsi, Ukraine.
75%
Yes. Jennifer Lopez was born in New York, New York.
73.3%
% Correct
No. Heath Ledger was born in Perth, Australia.
73%
No. Christian Bale was born in Haverfordwest, Wales.
69.2%
Yes. Aziz Ansari was born in Columbia, South Carolina.
67.3%
No. Isla Fisher was born in Muscat, Oman.
66.4%
Yes. George Lopez was born in Los Angeles, California.
65.4%
No. M. Night Shyamalan was born in Mahé, India.
64.1%
Yes. Peter Dinklage was born in Morristown, New Jersey.
55.9%
Yes. Krist Novoselic was born in Compton, California.
54.2%
Yes. George R.R. Martin was born in Bayonne, New Jersey.
52%
No. Seth Rogen was born in Vancouver, Canada.
45.5%
No. Giancarlo Esposito was born in Copenhagen, Denmark.
44.7%
Yes. Gabriel Iglesias was born in San Diego, California.
39.8%
Yes. Adrien Brody was born in New York, New York.
39.3%
No. Slash was born in London, England.
34%
Yes. Boris Johnson was born in New York, New York.
28.2%

You're not logged in!

Compare scores with friends on all Sporcle quizzes.
OR
Log In

You Might Also Like...

Show Comments

Extras

Top Quizzes Today


Score Distribution

Your Account Isn't Verified!

In order to create a playlist on Sporcle, you need to verify the email address you used during registration. Go to your Sporcle Settings to finish the process.

Report this User

Report this user for behavior that violates our Community Guidelines.

Details: